000 01096nam a2200301Ia 4500
001 35108
003 IT-RoPAU
008 130308s9999 xx 000 0 und d
040 _aIT-RoPAU
040 _cIT-RoPAU
041 _aFRANCESE
100 _aRegimbal Jean-Paul
100 _gCodice Aut. SPICS: 16675
245 _aRock'n'roll (Le)-Viol de la conscience par les messages subliminaux
245 _bRock'N'Roll (Le)-Viol de la Conscience Par Les Messages Subliminaux
250 _a2a ed.
260 _aGENEVE
260 _bCroisade
260 _c1985 [1° Ed.:1983 - Ed.Ling.Originale:1983]
300 _a"96 p. (prefazione: no ; testo: 96)"
500 _aViolazione della Coscienza Tramite Messaggi Subliminali Origine Sviluppo e Promotori del Rock'N'Roll Punk Rock Tecnica del Messaggio Subliminale Messaggi Satanici e Influenze Occulte Effetti psichici e psicologici Testimonianze musicisti del Rock'N'Roll Segni Simbolici Satanici
650 _aGENERI MUSICALI
650 _eCodice materia Spics: 7010
942 _cBK
957 _71
999 _c74292
_d74292
999 _bSI
999 _g1